| 000 | 01044nam a22003257a 4500 | ||
|---|---|---|---|
| 003 | CHAP | ||
| 005 | 20220329140237.0 | ||
| 008 | 971013s1968 r 00010 d | ||
| 010 | _a49143 | ||
| 011 | _a50115 | ||
| 035 | _a54265 | ||
| 040 | _cCHAP | ||
| 090 | _aFolleto 4621 | ||
| 100 | 0 | 0 |
_aVerduzco Gutiérrez, José. _9118866 |
| 245 | _aEmpleo de los suelos forestales | ||
| 260 |
_aMéxico, D.F. : _bSubsecretaría Forestal y de la Fauna, _c1968 |
||
| 300 |
_a26 p. _b: ilus. |
||
| 490 |
_aDivulgación forestal _v; 6 |
||
| 590 |
_aBATCH-UPD _b10 _c20130110 _lUCH01 _h1820 |
||
| 590 |
_aBATCH-UPD _b10 _c20130410 _lUCH01 _h1154 |
||
| 590 |
_aBATCH-UPD _b10 _c20130914 _lUCH01 _h1933 |
||
| 590 |
_aCONVERSION _b10 _c20130109 _lUCH01 _h1327 |
||
| 650 | 1 | 4 |
_aReforestación. _995474 |
| 650 | 1 | 4 |
_aSuelos forestales. _9110548 |
| 830 | 0 |
_aDivulgación forestal _v; 6 _933041 |
|
| 901 | _aBK | ||
| 942 | _cFOLL | ||
| 949 |
_aFolleto 4621 _bBC _cFOLL _d-119819 _eTS1 _i54265 _mD _si |
||
| 949 |
_aFolleto 4621 _bBC _cFOLL _d-119821 _eTS2 _fc.2 _i54265 _mD _si |
||
| 999 |
_c49143 _d49143 |
||